000 00971cad a22002055a 4500
001 L159637
008 120720s2017 xxk 000 0 eng d
035 _a(Sirsi) u159637
041 0 _aeng
110 2 _aJones Lang LaSalle
_93755
245 0 0 _aCar parks to residential
_bdriving innovation
_h[electronic resource]
260 _a[S.l.]
_bJLL
_c2017
520 _aExplores an innovative solution to enable the creation of sites sufficient to build homes for one million people. JLL has identified just under 10,500 car parks in the UK?s towns and cities with the possibility to comfortably accommodate up to 400,000 homes.
590 _aNTK KA
650 _aDEVELOPMENT OPPORTUNITIES
651 4 _aUnited Kingdom
_y
690 _aResidential property
_96266
856 4 0 _uhttps://residential.jll.co.uk/~/media/Residential/research/pdfs/Car%20Parks%20to%20Residential%20-%20Driving%20Innovation%20-%20email.ashx?la=en-GB
_zView the report at www.jll.com
942 _n0
999 _c116067
_d116067